Quizzes
Events
Quiz Creation
Community
Videos
Private Events
Remove Ads
Sign In
Join for FREE
Feedback
Dark Mode
Quiz Categories
Sports
Geography
Music
Movies
Television
Just For Fun
Miscellaneous
History
Literature
Language
Science
Gaming
Entertainment
Religion
Holiday
For Kids
Quiz Lab
Recent
Popular Today
Quiz Kudos Today
Editor Picks
Curator Picks
Quizzes by...
Day
Popularity
Type
Ratings
Length
Year
Community
Subscriptions
Recent Discussions
Orange Saloon
Badges
Playlists
Quests
Create
Leaderboards
Showdown
Live 5
Trivia Bingo
Activity
Puzzle Library
Sporcle Events
Private Events
Virtual Trivia
Globe League
Become a Host
Pub Owners
SporcleCon
Opinionation
Our Games
Videos
Blog
Mobile Apps
Partnerships
Remove Ads and Go Orange
Feedback
Sports
Athletes
MLB
NBA
NHL
NFL
Soccer
Sports Teams
WWE
NCAA
Football
Premier League
Basketball
Baseball
Hockey
Golf
Tennis
Cricket
Rugby
Auto Racing
Olympics
World Cup
Sports
Athletes
MLB
NBA
NHL
NFL
Soccer
Sports Teams
WWE
NCAA
Football
Premier League
Basketball
Baseball
Hockey
Golf
Tennis
Cricket
Rugby
Auto Racing
Olympics
World Cup
Random Quiz
Search Sporcle
×
Quiz Lab
Quiz Lab
Sports
City
Type in answers that appear in a list
Type in answers that appear in a list
Classic
Best Score? Go Orange.
Birmingham City Squad 2015-2016 Stats
Can you name all the Birmingham City 2015-2016 squad?
By
hazardousd
10m
37 Questions
242 Plays
242 Plays
242 Plays
Comments
Comments
Give Quiz Kudos
Give Quiz Kudos
-
- Ratings
hide this ad
Replay
Link that replays current quiz
Next Quiz
Link to next quiz in quiz playlist
You Got
0%
They Got
Avg Score
52%
Avg Friend Score
Upgrade to see
Score Distribution
Jump to the score distribution portion of the page
Score
0/37
Timer
10:00
0
Plays Today
Number
Answer
% Correct
9
Clayton Donaldson
90.9%
19
Jacques Maghoma
85.9%
6
Miaikel Kieftenbeld
83.8%
11
David Cotterill
83.4%
23
Jonathan Spector
82.6%
28
Michael Morrison
80.5%
3
Jonathon Grounds
78.4%
8
Stephen Gleeson
78.4%
4
Paul Robinson
78%
31
Paul Caddis
76.3%
7
Diego Fabbrini
75.9%
26
David Davis
74.3%
(7)
Demari Gray
72.8%
20
Jon Toral
67.4%
44
Niolai Brock-Madsen
57.3%
2
Neal Eardley
56.8%
5
David Edgar
54.4%
32
Ryan Shotton
50.2%
1
Adam Legzdins
48.1%
Number
Answer
% Correct
16
Charlee Adams
48.1%
22
Andrew Shinnie
47.3%
29
Tomasz Kuszczak
47.3%
17
Viv Solomon-Otabor
46.5%
24
Koby Arthur
46.5%
10
Wes Thomas
44.8%
18
Reece Brown
39%
25
Kyle Lafferty
36%
27
Connal Trueman
31.5%
21
Lee Novak
30.7%
12
Mitch Hancox
27.4%
15
James Vaughan
25.7%
(25)
Shane Lowry
24.7%
Loan
Mark Duffy
22.8%
30
Will Buckley
22.6%
14
Alex Jones
15.8%
Loan
Denny Johnstone
13.7%
45
Greg Halford
11.3%
Quiz Playlist
Details
Report
Send in Message
Add To Playlist
Classic:
Type in answers that appear in a list
Last Updated: Feb 16, 2017
Quiz Scoreboard
CHALLENGE
Sign Up to Join the Scoreboard
Show All
Scores
Hide
Comments
May contain spoilers
Recently Published
Billboard Blitz: Fleetwood Mac
by CooCooCachoo
Music
15s
Presidents Visiting Landmarks
by Hejman
History
7m
An Introduction to Baseball
by treessimontrees
Sports
5m
More to Explore
Quiz From the Vault
Featured Blog Post
Where Did the Easter Bunny Come From?
hide this ad
You Might Also Like...
Tags
City Quiz
Country Quiz
Football Quiz
2015
2015-2016
2016
Birmingham
Birmingham City
Championship Football
home
Squad
Today's Top Quizzes in Sports
Browse Sports
hide this ad
Today's Top Quizzes in City
Browse City
Top Contributed Quizzes in Sports
1
Les meilleurs buteurs des matchs entre le PSG et l’OM
2
2022 World Cup Stars
3
FIFA Club World Cup Champions
4
Les entraîneurs de l'OM et du PSG au 21e siècle
5
Criteria MLB: Left Handed Sluggers
6
Name the Premier League winners with different clubs
7
5-to-1: UK Sports Teams
8
AFC Teams Reveal (Wrong Answers Minefield)
9
Players with Multiple 50 Home Run Seasons
10
5-to-1: FBS Animal Nicknames
Explore More
Trending Topics
Harry Potter
Marvel
Kpop
Crossword
Disney
Anime
NBA
Song
NFL
Country
The Office
Soccer
WWE
Puzzle
Pokémon
hide this ad
More By:
hazardousd
Quiz
Plays
Rating
Category
Featured
Created
Birmingham City Squad 2015-2016
242
4.00
Sports
May 27, 2016
Go to Creator's Profile
Score Distribution
Quiz Creator Spotlight
hazardousd
Follow
Send a Message
Quizzes Created
-
Created Quiz Play Count
-
More By This Creator
Popular Quizzes Today
1
Find the US States - No Outlines Minefield
2
Find the Countries of Europe - No Outlines Minefield
3
The Countries of the World
4
Find the US States
5
US States
6
Popular People in 1961
7
Risky Map Clicking: Biggest States A-Z
8
Movies - When Are They Set?
More Sports Quizzes
Brooklyn Nets Stat Leaders 2010s
Quiz Lab
Trending Quizzes
Risky Map Clicking: Least Populous States A-Z
1-10 Letter G Words
1-10 Letter F Words
Risky Map Clicking: Next State Alphabetically
Risky Map Clicking: Biggest States A-Z
Recently Updated
Leaping Animals
pecheneg
Reality TV Shows (A-Z)
bhenderson79
Rickey Henderson's Hall of Fame Teammates
pecheneg
Champions League XIs: Arsenal
pecheneg
Quick Pick: Celebrities in WWE's Hall of Fame
aduchscher
A-Z Keypad Blitz II
pecheneg
Multiple Oscar Actors
pecheneg
Mystery Phrase Blitz: Oscar 'Best Actors'
pecheneg
F. Scott Fitzgerald Novels
LTH
Pick 3 Villains
ddd62291
Trending Topics
NBA
Marvel
Disney
Kpop
Harry Potter
Anime
Crossword
Pokémon
WWE
Soccer
Puzzle
NFL
Country
The Office
Song
Your Account Isn't Verified!
In order to create a playlist on Sporcle, you need to verify the email address you used during registration. Go to your
Sporcle Settings
to finish the process.
Report this User
Report this user for behavior that violates our
Community Guidelines
.
Details:
Send Report
Go to the Sporcle.com Mobile Site →
Comments